000 00723nam a2200229 cc4500
001 000030539
003 RuMoIPM
005 20260513104539.0
008 230210s1953 ru ||||||| |||| ||rus d
035 _a(RuMoBEN) 002102373
035 _a(ELAR retro) [2022] 000126897
040 _aRuMoBEN
_brus
_ercr
041 0 _arus
044 _aru
080 _a510(075.8)
245 1 0 _aТ. 3, ч. 2
_cВ. И. Смирнов
250 _a5-е изд.
260 _aМосква
_bГостехиздат
_c1953
300 _a676 с.
773 _aСмирнов, Владимир Иванович
_tКурс высшей математики: [Учебная литература для вузов]
_w000018741
942 _cBK
999 _c30539
_d30539